000 00343nam a2200145Ia 4500
008 150201s2003 xx 000 0 und d
082 _a612
_bP2003J
100 _aJAIN,AK
245 _aTEXT BOOK OF PHYSIOLOGY
250 _a2ND
260 _bAVICHAL PUBLISHING CO.
_aDELHI
_c2003
300 _a1-570
650 _aPHYSIOLOGY
942 _2ddc
_cBK
999 _c2900
_d2900